000 00528nam a2200157Ia 4500
008 231217s9999 xx 000 0 und d
041 _aEnglish
082 _a658.3 BUL;1 `R'
100 _aBuller, Paul F Schuler, Randall S
245 0 _aManaging organizations and people : Cases in management, organizational behavior and human resource management
250 _a6th ed.
260 _c2000
_bSouth-Western College,
300 _axii+377
650 _aHuman resources management, organizational behavior
942 _cAA
999 _c167743
_d167743